01196nam a22001097a 4500008004100000100002200041245008800063260003600151300003200187520083100219773003601050231030b ||||| |||| 00| 0 eng d aAlexander, Rhoda  aVirtual teaching experience amidst the pandemic: A perspective from the middle East aManagement and Labour Studies  a48(2), May, 2023: p.197-201 aThe novel coronavirus pandemic has disrupted almost all industries across the globe. The higher education sector in the Middle East too witnessed drastic changes in the teaching and learning process. Digital education, which authorities contemplated would take years to implement, was enforced overnight in the region. However, transformation to the online mode of learning posed many obstacles. As a finance educator in the region, I narrate here my experiences with respect to the challenges faced in managing the disruption, methods adopted to engage students, and the different techniques used for online assessments & student feedback. Finally, a reflection on factors which resulted in the successful delivery of the module is also provided.- Reproduced https://journals.sagepub.com/doi/full/10.1177/0258042X211069289  aManagement and Labour Studies